Guia d'indicadors de serveis socials d'atenció primària : 2005 - 2006 2005 - 2006
Descripción Física:
75 p. : taules ; 30 cm
MARC
| LEADER | 00000nam a2200000Ia 4500 | ||
|---|---|---|---|
| 001 | 21283 | ||
| 008 | 160829s2006 xx 000 0 cat d | ||
| 080 | |a S-1-275 | ||
| 245 | |a Guia d'indicadors de serveis socials d'atenció primària : |b 2005 - 2006 | ||
| 250 | |a 2a ed. | ||
| 260 | |a Barcelona : |b Diputació de Barcelona. Àrea de Benestar Social, |c 2006 | ||
| 300 | |a 75 p. : |b taules ; |c 30 cm | ||
| 590 | |a A la coberta: Cercles de comparació en serveis socials. | ||
| 590 | |a A l'interior: Indicadors Cercles de Comparació Intermunicipal de Serveis Socials | ||
| 650 | 0 | |a Serveis socials |x Barcelona (Catalunya : Província) |9 36719 | |
| 710 | 1 | |a Barcelona (Catalunya : Província). |b Àrea de Benestar Social |9 52988 | |
| 710 | 2 | |a Cercles de Comparació Intermunicipal |9 53629 | |
| 901 | |a Arxiu | ||
| 942 | |n 1 | ||
| 952 | |0 0 |1 0 |4 0 |6 S1275 |7 1 |9 52177 |a Arxiu |b Arxiu |d 2016-12-01 |l 0 |o S-1-275 |p 21283 |r 2016-12-01 00:00:00 |w 2016-12-01 |y ARXIU | ||
| 999 | |c 56025 |d 56025 | ||